00511nam a2200181Ia 4500003000400000005001700004008004100021020002200062040000700084041000800091082002500099100002200124245008700146260004700233300001600280365001600296650001700312OSt20230321111036.0210423s2008 xx 000 0 und d a978-0-521-71132-6 cAL aeng a574.87322 223bSCHG aSCHATTNER (Peter) aGenomes browsers and databases: data mining tools for integrated genomic databases aNew YorkbCambridge University Pressc2008 axii,328bPB b3868.6cUSD aCell Biology